[Event "1st ch-CHN Rapid Men Prelim"]
[Site "Hefei CHN"]
[Date "2011.07.03"]
[Round "1.9"]
[White "Wen, Yang"]
[Black "Xu, Yinglun"]
[Result "1-0"]
[WhiteTitle "GM"]
[WhiteElo "2558"]
[BlackElo "2084"]
[WhiteFideId "8602956"]
[BlackFideId "8604940"]
[EventDate "2011.07.03"]

1. d4 d5 2. c4 e6 3. Nf3 Nf6 4. g3 Bb4+ 5. Bd2 Be7 6. Bg2 O-O 7. O-O c6 8. Qc2
b6 9. Rd1 Nbd7 10. Bf4 Ba6 11. b3 Rc8 12. Nc3 h6 13. e4 dxc4 14. Nd2 b5 15. bxc4
bxc4 16. Na4 g5 17. Be3 c5 18. d5 exd5 19. exd5 Ne5 20. Nb2 Nxd5 21. Ndxc4 Nxe3
22. Nxe3 Qb6 23. Nd5 Qe6 24. Re1 Bd6 25. f4 gxf4 26. gxf4 Qg6 27. Qc3 Bb7 28.
Rad1 Nd7 29. Re3 Bxd5 30. Rg3 Bxg2 31. Kxg2 Rc6 32. Rxg6+ fxg6 33. Nc4 Rf6 34.
Qf3 Ra6 35. Qd5+ Kg7 36. Qb7 Rxa2+ 37. Kg1 Rf7 38. Nxd6 Re7 39. Nf5+ 1-0

[Event "1st ch-CHN Rapid Men Prelim"]
[Site "Hefei CHN"]
[Date "2011.07.03"]
[Round "1.10"]
[White "Xu, Jialun"]
[Black "Xiu, Deshun"]
[Result "0-1"]
[BlackTitle "GM"]
[WhiteElo "2077"]
[BlackElo "2519"]
[WhiteFideId "8607354"]
[BlackFideId "8603693"]
[EventDate "2011.07.03"]

1. e4 c5 2. c3 d6 3. d4 Nf6 4. Bd3 Nc6 5. Nf3 e5 6. d5 Ne7 7. O-O Ng6 8. Bg5 Be7
9. Bxf6 Bxf6 10. Qa4+ Kf8 11. Na3 Nf4 12. Qd1 g5 13. Nc2 g4 14. Nfe1 h5 15. Ne3
Bg7 16. N1c2 Qg5 17. Nf5 Bxf5 18. exf5 h4 19. Be4 Bf6 20. Ne3 g3 21. Qg4 Qxg4
22. Nxg4 Ne2+ 23. Kh1 gxf2 24. Nxf2 Ke7 25. Nh3 Nf4 26. Nxf4 exf4 27. Rxf4 b5
28. Rb1 Rab8 29. Kg1 Be5 30. Rg4 Rb6 31. h3 b4 32. cxb4 Rxb4 33. Bd3 Rxb2 34.
Rxb2 Bxb2 35. Ra4 Kf6 36. Rxa7 c4 37. Rb7 Bd4+ 38. Kf1 cxd3 39. Rb3 d2 40. Ke2
Rg8 41. Kxd2 Rxg2+ 42. Kd3 Bc5 43. a4 Rg3+ 44. Kc4 Rxb3 45. Kxb3 Kxf5 46. Kc4
Ke4 47. a5 f5 48. Kb3 Kxd5 49. Kc3 Ke4 50. Kd2 f4 0-1

[Event "1st ch-CHN Rapid Men Prelim"]
[Site "Hefei CHN"]
[Date "2011.07.03"]
[Round "1.12"]
[White "Xu, Xiangyu"]
[Black "Xu, Jun"]
[Result "0-1"]
[BlackTitle "GM"]
[WhiteElo "2016"]
[BlackElo "2498"]
[WhiteFideId "8608288"]
[BlackFideId "8600031"]
[EventDate "2011.07.03"]

1. e4 c5 2. Nf3 d6 3. d4 cxd4 4. Nxd4 Nf6 5. Nc3 Nc6 6. Be3 Ng4 7. Bg5 Qb6 8.
Bb5 Bd7 9. O-O h6 10. Bxc6 bxc6 11. Bc1 Nf6 12. Qd3 e6 13. Be3 Qb7 14. Nb3 Be7
15. f4 Ng4 16. Kh1 Nxe3 17. Qxe3 Qb6 18. Qg3 O-O 19. f5 Kh8 20. f6 gxf6 21. Qh3
Kh7 22. Ne2 Rg8 23. Nbd4 c5 24. Nf3 Bb5 25. Rae1 Bxe2 26. Rxe2 Qxb2 27. Qh5 Raf8
28. Ref2 Qxa2 29. Nh4 Rg5 30. Qe2 Qb2 31. Rf3 Rb8 32. Rh3 Qb5 33. Qf2 Qc4 34.
Nf3 Rg6 35. Nh4 Rg7 36. Qf4 Rg5 37. Rg1 Rbg8 38. Nf3 R5g6 39. Nh4 Rg4 40. Qe3
R8g5 41. Nf3 Rg6 42. Nh4 Qxe4 43. Qxe4 Rxe4 44. Nxg6 Kxg6 45. Ra3 d5 46. Rxa7
Bd6 47. h3 Re2 48. c3 c4 49. Rb1 Be5 50. Rd7 Bxc3 51. h4 h5 52. Rbb7 Re1+ 53.
Kh2 Be5+ 54. g3 Re2+ 55. Kg1 c3 0-1

[Event "1st ch-CHN Rapid Men Prelim"]
[Site "Hefei CHN"]
[Date "2011.07.03"]
[Round "1.13"]
[White "Wang, Zili"]
[Black "Fang, Yuxiang"]
[Result "1-0"]
[WhiteTitle "GM"]
[WhiteElo "2488"]
[BlackElo "1977"]
[WhiteFideId "8600023"]
[BlackFideId "8605840"]
[EventDate "2011.07.03"]

1. e4 e6 2. d4 d5 3. Nc3 Nf6 4. Bg5 Bb4 5. e5 h6 6. Bd2 Bxc3 7. bxc3 Ne4 8. Qg4
g6 9. Bd3 Nxd2 10. Kxd2 c5 11. h4 Bd7 12. Nf3 Qe7 13. Qf4 Bc6 14. Nh2 Nd7 15.
Ng4 O-O-O 16. Rab1 Rdf8 17. f3 c4 18. Be2 f5 19. exf6 Nxf6 20. Nxf6 Rxf6 21. Qe3
b6 22. f4 Rhf8 23. g3 Ba4 24. Rhe1 Kb7 25. Bg4 Bd7 26. Qe5 Qh7 27. Re2 Qf7 28.
a4 Kc6 29. Rb4 Bc8 30. Bf3 Ba6 31. Bg4 Bc8 32. Bh3 Qc7 33. Bg2 Ba6 34. Qe3 Qd6
35. Rb1 Kc7 36. Bh3 Bc8 37. a5 Bd7 38. axb6+ axb6 39. Ra1 Kb7 40. Bg2 Ra8 41.
Ree1 Rff8 42. Qe2 Qc7 43. Qg4 Rxa1 44. Rxa1 Rf6 45. Ra2 Kb8 46. Ra1 Qc6 47. Qe2
Qd6 48. Kc1 Qc7 49. Kb2 Qc6 50. Qe5+ Kb7 51. Qxf6 Qb5+ 52. Kc1 1-0

[Event "1st ch-CHN Rapid Men Prelim"]
[Site "Hefei CHN"]
[Date "2011.07.03"]
[Round "2.3"]
[White "Wan, Yunguo"]
[Black "Ni, Hua"]
[Result "1/2-1/2"]
[BlackTitle "GM"]
[WhiteElo "2462"]
[BlackElo "2662"]
[WhiteFideId "8603189"]
[BlackFideId "8601160"]
[EventDate "2011.07.03"]

1. e4 e5 2. Nf3 Nc6 3. Bb5 Nf6 4. O-O Nxe4 5. d4 Nd6 6. Bxc6 dxc6 7. dxe5 Nf5 8.
Qxd8+ Kxd8 9. Nc3 Ke8 10. h3 b6 11. a3 Bb7 12. Rd1 Be7 13. Bf4 Rc8 14. Rd2 h6
15. Rad1 g5 16. Bh2 h5 17. Ne4 g4 18. Nf6+ Kf8 19. hxg4 hxg4 20. Nd4 Ng7 21.
Nxg4 c5 22. Ne2 Ne6 23. f3 Rg8 24. Nf4 Nd4 25. Kf2 Rg5 26. c3 Nb3 27. Re2 c4 28.
Bg3 Nc5 29. e6 Rxg4 30. fxg4 Ne4+ 31. Rxe4 Bxe4 32. Re1 Bc6 33. Re5 fxe6 34.
Nxe6+ Kf7 35. Nd4 Bd7 36. Re4 Bc5 37. Be5 Be6 38. Rf4+ Ke7 39. g5 Bxd4+ 40. Bxd4
Bf7 41. Kf3 c5 42. Bf6+ Kd7 43. Rh4 Bg6 44. Rh6 Rg8 45. Kf4 Ke6 46. Rh1 Re8 47.
Re1+ Kf7 48. Rxe8 Kxe8 49. Ke5 Bc2 50. Kd6 a5 51. Kc6 a4 52. Kxb6 Kf7 53. Kxc5
Bb3 54. Kd4 Kg6 55. Ke4 Bc2+ 56. Kf4 Bb3 57. Bd4 Bc2 58. Be3 Bd3 59. Bc1 Bf1 60.
g3 Bd3 61. Ke5 Bc2 62. b4 cxb3 63. c4 Kf7 64. Kd6 Bf5 65. c5 Ke8 66. Kc7 Be4 67.
c6 Ke7 68. Bb2 Ke6 69. Kb6 Kd6 70. c7 Kd7 71. g6 Kc8 72. g7 Bh7 73. Be5 Bg8 74.
Kc5 b2 75. Bxb2 Kxc7 76. Kb5 Bb3 77. Be5+ Kd7 78. g4 Ke7 79. g8=Q Bxg8 80. Kxa4
Kd7 81. Kb5 Kc8 82. Kb6 Bb3 83. g5 Bc2 84. Bf4 Kd7 85. Kb7 Be4+ 86. Ka7 Bc2 87.
Kb8 Kc6 88. Kc8 Kb6 89. Be3+ Ka6 90. Kc7 Bb1 91. Bb6 Bc2 92. Bd4 1/2-1/2

[Event "1st ch-CHN Rapid Men Prelim"]
[Site "Hefei CHN"]
[Date "2011.07.03"]
[Round "2.7"]
[White "Zhao, Jun"]
[Black "Gao, Rui"]
[Result "1-0"]
[WhiteTitle "GM"]
[BlackTitle "IM"]
[WhiteElo "2588"]
[BlackElo "2420"]
[WhiteFideId "8602522"]
[BlackFideId "8602387"]
[EventDate "2011.07.03"]

1. d4 Nf6 2. Nf3 g6 3. Bf4 Bg7 4. e3 O-O 5. h3 d6 6. Be2 c5 7. c3 Nc6 8. O-O b6
9. Nbd2 Bb7 10. Bh2 Rc8 11. a3 a6 12. a4 cxd4 13. exd4 Nd5 14. Re1 Qd7 15. Qb3
Na5 16. Qa3 Qf5 17. Bf1 Rfe8 18. c4 Nf6 19. d5 Nd7 20. g4 Qc2 21. Ra2 Nxc4 22.
Nxc4 Bxd5 23. Bd3 Rxc4 24. Bxc2 Rxc2 25. Qd3 Rc5 26. b3 Bb7 27. Rc2 Rxc2 28.
Qxc2 Bxf3 29. Bxd6 Bf6 30. Qc7 Nc5 31. Bxc5 bxc5 32. Qxc5 e5 33. Qe3 Bd5 34. Rd1
Be6 35. Rd6 Rb8 36. Rxe6 fxe6 37. g5 Bg7 38. Qa7 Rxb3 39. Qxa6 Rb1+ 40. Kg2 Ra1
41. a5 e4 42. Qxe6+ Kf8 43. a6 Ra5 44. Qc8+ 1-0

[Event "1st ch-CHN Rapid Men Prelim"]
[Site "Hefei CHN"]
[Date "2011.07.03"]
[Round "2.10"]
[White "Wang, Li"]
[Black "Zhou, Weiqi"]
[Result "0-1"]
[WhiteTitle "IM"]
[BlackTitle "GM"]
[WhiteElo "2402"]
[BlackElo "2605"]
[WhiteFideId "8604460"]
[BlackFideId "8601674"]
[EventDate "2011.07.03"]

1. d4 Nf6 2. c4 e6 3. Nf3 b6 4. g3 Bb4+ 5. Bd2 Bxd2+ 6. Nbxd2 Bb7 7. Bg2 c5 8.
O-O O-O 9. Qc2 Nc6 10. dxc5 bxc5 11. Rfd1 Qc7 12. e3 h6 13. a3 d6 14. Nb1 a6 15.
Nc3 Rfd8 16. Rd2 Rab8 17. Rad1 Na5 18. Qd3 Bc6 19. Rc2 Qb7 20. Ne1 Bxg2 21. Nxg2
Qc6 22. Nf4 Rb6 23. Qe2 Nd7 24. Nb1 Ne5 25. Nd2 Rdb8 26. Nd3 Qa4 27. Rcc1 Nac6
28. b3 Qa5 29. f4 Nxd3 30. Qxd3 Qxa3 31. Ra1 Qb2 32. Rab1 Nb4 33. Qxd6 Rxd6 34.
Rxb2 Rbd8 35. Kf1 Rd3 36. Ke2 f5 37. Ra1 Rc3 38. Nf1 Rdd3 39. Ra5 Rc1 40. Rd2
Rxb3 41. Rxc5 Nd5 42. Rc6 Nc3+ 43. Kf3 Rxf1+ 44. Kg2 Rd1 45. Rc2 Rdb1 46. Rxa6
R1b2 47. Rxb2 Rxb2+ 48. Kh3 Kf7 49. c5 Rc2 50. g4 fxg4+ 51. Kxg4 Nd5 52. e4 Nf6+ 0-1

[Event "1st ch-CHN Rapid Men Prelim"]
[Site "Hefei CHN"]
[Date "2011.07.03"]
[Round "2.13"]
[White "Jia, Haoxiang"]
[Black "Xu, Xiangyu"]
[Result "1/2-1/2"]
[WhiteElo "2369"]
[BlackElo "2016"]
[WhiteFideId "8602999"]
[BlackFideId "8608288"]
[EventDate "2011.07.03"]

1. Nf3 Nf6 2. c4 g6 3. Nc3 d5 4. d4 Bg7 5. Bf4 O-O 6. e3 c5 7. dxc5 Qa5 8. Rc1
dxc4 9. Bxc4 Qxc5 10. Bb3 Nc6 11. O-O Qa5 12. h3 Bf5 13. Qe2 Rad8 14. e4 Bc8 15.
Nd5 Rd7 16. Rfd1 e6 17. Nxf6+ Bxf6 18. Rxd7 Bxd7 19. Bd6 Rd8 20. e5 Bg7 21. Rc5
Qb6 22. Rb5 Qa6 23. Bc4 Na5 24. Rc5 Nxc4 25. Qxc4 Qxc4 26. Rxc4 Rc8 27. Rxc8+
Bxc8 28. Nd4 Bd7 29. f4 f6 30. Kf2 Bf8 31. Bxf8 Kxf8 32. exf6 Kf7 33. g4 Kxf6
34. g5+ Ke7 35. Nf3 e5 36. fxe5 Ke6 37. Kg3 Kf5 38. h4 Be6 39. a3 Bd5 40. Nh2
Kxe5 41. Ng4+ Kd4 42. Nf6 b5 43. Kf2 Bf7 44. Ke2 Ke5 45. Nxh7 Kf4 46. Kd3 Kg3
47. Kd4 Kxh4 48. Kc5 Bg8 49. Nf6 Be6 50. Nh7 Bg8 51. Nf6 Be6 52. Nh7 Bg8 53. Nf6
Be6 54. Nh7 Bg8 55. Nf6 Be6 56. Nh7 Bg8 57. Nf6 Be6 58. Nh7 Bg8 59. Nf6 Be6 1/2-1/2

[Event "1st ch-CHN Rapid Men Prelim"]
[Site "Hefei CHN"]
[Date "2011.07.03"]
[Round "2.16"]
[White "Fang, Yan"]
[Black "Hu, Yu"]
[Result "1-0"]
[WhiteElo "2265"]
[BlackElo "1720"]
[WhiteFideId "8604746"]
[BlackFideId "8608377"]
[EventDate "2011.07.03"]

1. e4 c5 2. Nf3 Nc6 3. d4 cxd4 4. Nxd4 Nf6 5. Nc3 e5 6. Ndb5 d6 7. Bg5 a6 8. Na3
b5 9. Bxf6 gxf6 10. Nd5 f5 11. c3 Bg7 12. Bd3 Be6 13. Qh5 O-O 14. O-O f4 15.
Rad1 Ne7 16. Nxe7+ Qxe7 17. Nc2 h6 18. Nb4 Qd7 19. Qe2 f5 20. exf5 Bxf5 21. Bxf5
Qxf5 22. f3 Qg6 23. Qe4 Qxe4 24. fxe4 a5 25. Nd5 Rfb8 26. Ne7+ Kf7 27. Nf5 Bf8
28. g3 fxg3 29. hxg3 Ke6 30. Rd3 b4 31. c4 Rc8 32. b3 a4 33. Rf2 axb3 34. axb3
Ra1+ 35. Kg2 Rca8 36. Ne3 Re1 37. Nd5 Rd8 38. Rf6+ Kd7 39. Rf7+ Kc8 40. Rdf3
Re2+ 41. Kh3 Rxe4 42. Rc7+ Kb8 43. Rff7 Be7 44. Rcxe7 Rg8 45. Rb7+ Kc8 46. Rfc7+
Kd8 47. Rb8# 1-0

[Event "1st ch-CHN Rapid Men Prelim"]
[Site "Hefei CHN"]
[Date "2011.07.03"]
[Round "2.17"]
[White "Fang, Yuxiang"]
[Black "Wang, Yiye"]
[Result "1/2-1/2"]
[WhiteElo "1977"]
[BlackElo "2262"]
[WhiteFideId "8605840"]
[BlackFideId "8606021"]
[EventDate "2011.07.03"]

1. d4 Nf6 2. c4 g6 3. Nc3 Bg7 4. Nf3 O-O 5. Bg5 d6 6. e3 c6 7. Be2 a6 8. a4 a5
9. O-O Na6 10. Qb3 Qc7 11. Rfd1 e5 12. Rac1 Re8 13. Qa3 Nb4 14. dxe5 dxe5 15.
Na2 Nxa2 16. Qxa2 Ne4 17. Bh4 Be6 18. b3 Qb6 19. Bd3 Nc5 20. Bc2 Bg4 21. Rd2 Qb4
22. Bd1 Bxf3 23. gxf3 h6 24. Qc2 Nxb3 25. Rb1 Qxd2 26. Qxb3 g5 27. Bg3 f5 28.
c5+ Kh8 29. Bc2 f4 30. Rd1 Qe2 31. Rd7 Rad8 32. Qf7 Rg8 33. Rxd8 Rxd8 34. Qg6
Rd1+ 35. Bxd1 Qxd1+ 36. Kg2 fxg3 37. Qe6 Qc2 38. hxg3 Qxc5 39. Qc8+ Qf8 40. Qxb7
c5 41. Qb5 Qc8 42. Qxa5 c4 43. Qd2 c3 44. Qc2 Qc6 45. a5 g4 46. e4 gxf3+ 47.
Kxf3 Bf8 48. a6 Qxa6 49. Qxc3 Qf6+ 50. Kg2 Kh7 51. f4 Bd6 52. fxe5 Bxe5 53. Qf3
Qe7 54. Qf5+ Kg8 55. Qg6+ Bg7 56. Kh3 Qd7+ 57. Qf5 Qe8 58. Qd5+ Kh8 59. Qf5 Qa8
60. Kg2 Qb7 61. Kh3 Qc7 62. Kg2 Qc3 63. Kh3 Qc2 64. Qe6 Qd1 65. Kg2 Qd2+ 66. Kh3
Qc3 67. Qe8+ Kh7 68. Qf7 Qc2 69. e5 Qe4 70. e6 Qh1+ 71. Kg4 Qd1+ 72. Kh3 h5 73.
Qf5+ Kh8 74. Qe4 Bf6 75. Kh2 Qg4 76. Qa8+ Kg7 77. Qb7+ Kh6 78. Qf7 Qe2+ 79. Kh3
Qf1+ 80. Kh2 Qf2+ 81. Kh3 Qf5+ 82. Kg2 Qe4+ 83. Kh2 Qe2+ 84. Kh3 Qg4+ 85. Kh2
Qe2+ 86. Kh3 Qf1+ 87. Kh2 h4 88. Qf8+ Kg5 89. gxh4+ Kf5 90. e7 Qf2+ 91. Kh3
Qxh4+ 92. Kg2 Qe4+ 93. Kh2 Qe2+ 94. Kh1 Ke5 1/2-1/2

[Event "1st ch-CHN Rapid Men Prelim"]
[Site "Hefei CHN"]
[Date "2011.07.03"]
[Round "3.1"]
[White "Xiu, Deshun"]
[Black "Ding, Liren"]
[Result "1/2-1/2"]
[WhiteTitle "GM"]
[BlackTitle "GM"]
[WhiteElo "2519"]
[BlackElo "2654"]
[WhiteFideId "8603693"]
[BlackFideId "8603677"]
[EventDate "2011.07.03"]

1. b3 g6 2. Bb2 Nf6 3. f4 Bg7 4. Nf3 O-O 5. e3 c5 6. c4 Nc6 7. Be2 d5 8. cxd5
Qxd5 9. O-O Bf5 10. Ne5 Rad8 11. Bf3 Qe6 12. Bxc6 bxc6 13. Qc1 Bd3 14. Re1 Ne4
15. Nf3 Bxb2 16. Qxb2 Bxb1 17. Raxb1 Rd3 18. Qc2 Qd5 19. Re2 Rd8 20. Rb2 f6 21.
Qc1 Nc3 22. Re1 Ne4 23. Re2 Nc3 24. Re1 Ne4 25. Re2 1/2-1/2

[Event "1st ch-CHN Rapid Men Prelim"]
[Site "Hefei CHN"]
[Date "2011.07.03"]
[Round "3.2"]
[White "Yu, Yangyi"]
[Black "Xu, Jun"]
[Result "1-0"]
[WhiteTitle "GM"]
[BlackTitle "GM"]
[WhiteElo "2672"]
[BlackElo "2498"]
[WhiteFideId "8603820"]
[BlackFideId "8600031"]
[EventDate "2011.07.03"]

1. e4 c5 2. Nf3 d6 3. d4 cxd4 4. Nxd4 Nf6 5. Nc3 a6 6. Be3 Ng4 7. Bc1 Nf6 8. Bg5
e6 9. f4 Qc7 10. Qe2 Nc6 11. O-O-O Bd7 12. g4 Be7 13. Bg2 Rc8 14. Kb1 b5 15. a3
Nxd4 16. Rxd4 Bc6 17. Rhd1 e5 18. Bxf6 gxf6 19. fxe5 dxe5 20. R4d3 b4 21. Nd5
Bxd5 22. exd5 Bd6 23. axb4 Qc4 24. Be4 Qxb4 25. Rb3 Qa5 26. Qf3 Qd8 27. Rb7 h6
28. Rd3 a5 29. Rc3 Rxc3 30. Qxc3 O-O 31. Bf5 Qa8 32. Qc6 e4 33. Bxe4 Re8 34. Bf5
Bxh2 35. Qd7 Re1+ 36. Ka2 Qe8 37. Qxe8+ Rxe8 38. c4 Re2 39. c5 h5 40. d6 h4 41.
d7 Rd2 42. c6 Kg7 43. c7 Bxc7 44. Rxc7 h3 45. Rc3 h2 46. Rh3 1-0

[Event "1st ch-CHN Rapid Men Prelim"]
[Site "Hefei CHN"]
[Date "2011.07.03"]
[Round "3.3"]
[White "Wang, Zili"]
[Black "Zhao, Jun"]
[Result "0-1"]
[WhiteTitle "GM"]
[BlackTitle "GM"]
[WhiteElo "2488"]
[BlackElo "2588"]
[WhiteFideId "8600023"]
[BlackFideId "8602522"]
[EventDate "2011.07.03"]

1. e4 c5 2. Nf3 d6 3. d4 cxd4 4. Nxd4 Nf6 5. Nc3 a6 6. Be2 e5 7. Nb3 Be7 8. O-O
O-O 9. Kh1 b6 10. Be3 Bb7 11. Nd5 Nbd7 12. f3 Nxd5 13. exd5 Bg5 14. Bxg5 Qxg5
15. c4 a5 16. Qd2 Qxd2 17. Nxd2 f5 18. b3 Kf7 19. Kg1 Ke7 20. Nb1 Nc5 21. Nc3
Bc8 22. Bd1 Bd7 23. Bc2 Rfc8 24. Rfb1 g6 25. Kf2 b5 26. Nxb5 Bxb5 27. cxb5 Nd7
28. Bd3 Nb6 29. g4 fxg4 30. fxg4 Rc3 31. Rd1 Rf8+ 32. Kg1 Nxd5 33. Bxg6 Ne3 34.
Rd3 Rxd3 35. Bxd3 d5 36. Bxh7 Nxg4 37. Rc1 e4 38. h3 Ne5 39. b6 Kd6 40. b7 0-1

[Event "1st ch-CHN Rapid Men Prelim"]
[Site "Hefei CHN"]
[Date "2011.07.03"]
[Round "3.5"]
[White "Zhou, Weiqi"]
[Black "Zhou, Jianchao"]
[Result "1/2-1/2"]
[WhiteTitle "GM"]
[BlackTitle "GM"]
[WhiteElo "2605"]
[BlackElo "2636"]
[WhiteFideId "8601674"]
[BlackFideId "8603537"]
[EventDate "2011.07.03"]

1. d4 Nf6 2. c4 g6 3. Nc3 d5 4. cxd5 Nxd5 5. Bd2 Nb6 6. Nf3 Bg7 7. Rc1 Nc6 8. e3
O-O 9. Bb5 Bg4 10. h3 Bxf3 11. Qxf3 e5 12. Bxc6 bxc6 13. O-O exd4 14. exd4 Qxd4
15. Bf4 Nd5 1/2-1/2

[Event "1st ch-CHN Rapid Men Prelim"]
[Site "Hefei CHN"]
[Date "2011.07.03"]
[Round "3.6"]
[White "Ma, Qun"]
[Black "Wan, Yunguo"]
[Result "1-0"]
[WhiteElo "2447"]
[BlackElo "2462"]
[WhiteFideId "8603154"]
[BlackFideId "8603189"]
[EventDate "2011.07.03"]

1. e4 c5 2. Nf3 Nc6 3. Bb5 g6 4. O-O Bg7 5. Re1 Nf6 6. d3 O-O 7. Nbd2 d5 8. Bxc6
bxc6 9. Qe2 e6 10. Nb3 c4 11. Nc5 cxd3 12. cxd3 Nd7 13. Bg5 Qb6 14. Nxd7 Bxd7
15. e5 Rfb8 16. b3 a5 17. Be7 c5 18. Rac1 Rc8 19. Qe3 d4 20. Qf4 h6 21. Nd2 Bb5
22. Ne4 Bxd3 23. Bxc5 Qa6 24. Nd6 Rc7 25. Bxd4 Rd7 26. Rc3 g5 27. Qe3 Bg6 28.
Rec1 Rad8 29. g3 Qa8 30. Rc8 Qa6 31. R1c6 Qd3 32. Qxd3 Bxd3 33. Rxd8+ Rxd8 34.
f4 gxf4 35. gxf4 Kh7 36. Kf2 Bb1 37. a3 Bf8 38. Bb6 Ra8 39. Bc5 Kg6 40. Ke3 h5
41. Rc7 h4 42. Kd4 f6 43. Rc6 Bh6 44. Nc4 Bf5 45. Ke3 Rd8 46. Rd6 Rc8 47. Bd4 a4
48. exf6 axb3 49. Ne5+ Kxf6 50. Rd7 Rf8 51. Rb7 b2 52. Bxb2 h3 53. a4 Bc2 54.
Nd7+ Kf5 55. Nxf8 Bxf4+ 56. Kf2 Bxa4 57. Rf7+ Kg4 58. Nxe6 Bxh2 59. Rg7+ Kf5 60.
Nd4+ Ke4 61. Rg4+ Kd3 62. Nf3 1-0

[Event "1st ch-CHN Rapid Men Prelim"]
[Site "Hefei CHN"]
[Date "2011.07.03"]
[Round "3.8"]
[White "Fang, Yan"]
[Black "Li, Chao b"]
[Result "0-1"]
[BlackTitle "GM"]
[WhiteElo "2265"]
[BlackElo "2669"]
[WhiteFideId "8604746"]
[BlackFideId "8604436"]
[EventDate "2011.07.03"]

1. e4 c5 2. Nf3 d6 3. d4 cxd4 4. Nxd4 Nf6 5. Nc3 Nc6 6. Bc4 Bd7 7. Bb3 g6 8. f3
Nxd4 9. Qxd4 Bg7 10. Bg5 O-O 11. Qd2 Rc8 12. O-O-O Rxc3 13. bxc3 Qa5 14. Kb1 Rc8
15. e5 Ne8 16. Bxe7 Bxe5 17. Qd5 Qxd5 18. Bxd5 Rxc3 19. Rhe1 Rc7 20. Bg5 Kg7 21.
Bb3 Bc6 22. Be3 Bxh2 23. Bd4+ Nf6 24. Bxa7 Bg3 25. Bb6 Rd7 26. Re2 h5 27. Bd4 h4
28. c3 b5 29. Rf1 g5 30. Bc2 b4 31. cxb4 Bb5 32. Rfe1 Rc7 33. a3 d5 34. Re7 Rc4
35. Rd1 Bd6 36. Re3 Bf4 37. Rc3 Rxd4 38. Rxd4 Bf1 39. Rxf4 gxf4 40. Bf5 d4 41.
Rc2 Nd5 42. Rd2 Kf6 43. Rxd4 Nc3+ 44. Kb2 Na4+ 45. Kb3 Kxf5 46. Rd5+ Ke6 47. Rh5
Nb6 48. Rxh4 Nd5 49. Rg4 f5 50. Rg6+ Kf7 51. Rg5 Kf6 52. Rg8 Ne3 53. a4 Bc4+ 0-1

[Event "1st ch-CHN Rapid Men Prelim"]
[Site "Hefei CHN"]
[Date "2011.07.03"]
[Round "3.10"]
[White "Li, Shilong"]
[Black "Xu, Yinglun"]
[Result "1-0"]
[WhiteTitle "GM"]
[WhiteElo "2520"]
[BlackElo "2084"]
[WhiteFideId "8600678"]
[BlackFideId "8604940"]
[EventDate "2011.07.03"]

1. d4 d5 2. c4 e6 3. Nc3 Nf6 4. Bg5 Be7 5. Nf3 O-O 6. e3 h6 7. Bh4 b6 8. Rc1 Bb7
9. Bxf6 Bxf6 10. cxd5 exd5 11. Bd3 c5 12. O-O Nd7 13. Bf5 cxd4 14. Nxd4 g6 15.
Bb1 Rc8 16. Qf3 Bxd4 17. exd4 Re8 18. Nb5 Rxc1 19. Rxc1 Qg5 20. Rf1 Ba6 21. Bd3
Re7 22. Nxa7 Bxd3 23. Qxd3 Nf6 24. Nc6 Rc7 25. Ne5 Ne4 26. g3 Rc1 27. Qb5 Rxf1+
28. Kxf1 Qf6 29. Qe2 Qd6 30. Kg2 Kg7 31. h4 Qb4 32. Nf3 h5 33. Qc2 Qb5 34. Ne5
Qb4 35. Qc7 Nd6 36. a3 Qxd4 37. Qxd6 Qe4+ 38. Nf3 1-0

[Event "1st ch-CHN Rapid Men Prelim"]
[Site "Hefei CHN"]
[Date "2011.07.04"]
[Round "4.3"]
[White "Zeng, Chongsheng"]
[Black "Xiu, Deshun"]
[Result "1/2-1/2"]
[BlackTitle "GM"]
[WhiteElo "2413"]
[BlackElo "2519"]
[WhiteFideId "8603847"]
[BlackFideId "8603693"]
[EventDate "2011.07.03"]

1. d4 Nf6 2. Nf3 d5 3. c4 e6 4. g3 dxc4 5. Bg2 a6 6. O-O Nc6 7. e3 Rb8 8. Qe2 b5
9. Rd1 Bb7 10. e4 Be7 11. b3 cxb3 12. axb3 O-O 13. Bb2 Nb4 14. Nc3 c5 15. dxc5
Qc7 16. Rac1 Rfd8 17. e5 Rxd1+ 18. Nxd1 Nd7 19. Qd2 a5 20. c6 Bxc6 21. Nd4 Nc5
22. Nxc6 Nxc6 23. Qe3 Rc8 24. Rxc5 Bxc5 25. Qxc5 Qd7 26. Qd6 Nb8 27. Bf1 a4 28.
Qxd7 Nxd7 29. Bxb5 axb3 30. Bxd7 Rd8 31. Kf1 Rxd7 32. Ke2 h5 33. Ne3 Kh7 34. Nc4
g5 35. h3 Kg6 36. g4 Rd8 37. Nd2 Kg7 38. Bc3 Rb8 39. Bb2 Rb5 40. Kd3 Rd5+ 41.
Kc3 Kg6 42. Nc4 Rd1 43. Kxb3 Rd3+ 44. Kc2 Rxh3 45. gxh5+ Kxh5 46. Kd2 Rb3 47.
Bd4 Kg6 48. Ne3 Rb4 49. Kd3 Ra4 50. f3 Kh5 51. Ke4 Kh4 52. Ng4 Rb4 53. Nh6 Rb7
54. Ke3 Kh5 55. Ng4 Rb1 56. Kf2 Rd1 57. Bc5 Kg6 58. Ke2 Rd5 59. Be7 Ra5 60. Kd3
Kf5 61. Nh6+ Kf4 62. Bb4 Rd5+ 63. Ke2 Rxe5+ 64. Kf2 Rd5 65. Nxf7 e5 66. Ke2 e4
67. Bd2+ Rxd2+ 68. Kxd2 exf3 69. Nxg5 Kxg5 70. Ke3 Kg4 71. Kf2 Kf4 72. Kf1 Kg3
73. Kg1 f2+ 74. Kf1 Kf3 1/2-1/2

[Event "1st ch-CHN Rapid Men Prelim"]
[Site "Hefei CHN"]
[Date "2011.07.04"]
[Round "4.6"]
[White "Zhou, Jianchao"]
[Black "Wang, Zili"]
[Result "1/2-1/2"]
[WhiteTitle "GM"]
[BlackTitle "GM"]
[WhiteElo "2636"]
[BlackElo "2488"]
[WhiteFideId "8603537"]
[BlackFideId "8600023"]
[EventDate "2011.07.03"]

1. d4 Nf6 2. c4 c5 3. d5 b5 4. cxb5 a6 5. bxa6 Bxa6 6. Nc3 d6 7. Nf3 Nbd7 8. e4
Bxf1 9. Kxf1 g6 10. g3 Bg7 11. Kg2 O-O 12. a4 Qa5 13. Bd2 Qa6 14. Re1 Rfc8 15.
Nb5 c4 16. Bb4 Qb6 17. h3 Nc5 18. Bxc5 Qxc5 19. Nfd4 Nd7 20. Nc6 Kf8 21. Rb1 Ne5
22. b4 cxb3 23. Rc1 Qb6 24. Nxe5 Bxe5 25. Qxb3 Qa5 26. Rxc8+ Rxc8 27. Re2 Rc1
28. Rc2 Ra1 29. Ra2 Qe1 30. Rxa1 Bxa1 31. Qc2 Qb4 32. Na7 Bc3 33. Nc6 Qa3 34.
Qd3 Qa1 35. a5 Bxa5 36. Qa6 Bc3 37. Qc8+ Kg7 38. Nxe7 Qe1 39. Qc4 h5 40. h4 Qd2
41. Nc6 Qb2 42. Kf3 Qa1 43. Qd3 Qh1+ 44. Ke2 Qe1+ 45. Kf3 Qh1+ 46. Ke3 Qc1+ 47.
Kf3 Qh1+ 48. Ke2 Qe1+ 1/2-1/2

[Event "1st ch-CHN Rapid Men Prelim"]
[Site "Hefei CHN"]
[Date "2011.07.04"]
[Round "4.7"]
[White "Lou, Yiping"]
[Black "Zhou, Weiqi"]
[Result "1-0"]
[WhiteTitle "IM"]
[BlackTitle "GM"]
[WhiteElo "2431"]
[BlackElo "2605"]
[WhiteFideId "8603928"]
[BlackFideId "8601674"]
[EventDate "2011.07.03"]

1. d4 Nf6 2. c4 e6 3. Nc3 Bb4 4. Qc2 c5 5. dxc5 O-O 6. Nf3 Na6 7. c6 bxc6 8. g3
d5 9. a3 Bxc3+ 10. Qxc3 Ne4 11. Qc2 Qa5+ 12. Bd2 Nxd2 13. Nxd2 Rb8 14. Bg2 c5
15. cxd5 exd5 16. Bxd5 Nb4 17. Qc3 Qa4 18. Be4 f5 19. b3 Qd7 20. Bf3 Nc6 21.
Qxc5 Rd8 22. Qxc6 Qxd2+ 23. Kf1 Rb6 24. Qc7 Be6 25. Kg2 Rxb3 26. Qxa7 Bd5 27.
Rhd1 Qxd1 28. Rxd1 Bxf3+ 29. exf3 Rxd1 30. Qa4 1-0